00936nam a2200229 a 4500001001000000003000500010005001700015008004100032010001100073011001100084040000900095100003700104245018400141260004100325500006000366502008100426650003700507650002400544650005100568650001700619856007000636000112236CHAP20220329144252.0160118s2015 mx |sm |||||||spa d a108697 a109669 cCHAP1 aGonzález Diéguez, Davir Omar10aIdentificación de QTL y selección genómica para resistencia al complejo mancha de asfalto en variedades nativas de maízh[En línea]cpor Davir Omar González Diéguez. aChapingo, Méx. :bEl autor,c2015. aPara ver el contenido del material haga clic en la liga aTesis (M. C. en Biotecnología Agrícola) -- UACH. Departamento Fitotecnia14aMaízxEnfermedades por hongos.14aMaízxGenética.14aMaízxVariedades resistentes a enfermedades.14aPhyllachora. aFinding aiduhttp://10.13.5.2/tesis/sist112236.pdfzTeclea aquí